000 00453nam a2200181Ia 4500
001 3899
005 20260306145717.0
008 260306t2022||||xx |||||||||||||| ||spa||
041 _aESP
082 _a305.362
_bC83
100 _aCossio, Jesús,
_eAUT
245 0 _aJoaquín Jayme :
_bun esclavo liberto en el Perú del siglo XIX
260 _c2022
300 _a63 páginas :
_c24 cm.
650 _aGEN
654 _aCHU
942 _cLIB
_dJUS
_fJUS
_2ddc
_n
999 _c3899
_d3899